00690nam a22001817a 4500999001900000005001700019010001500036020002700051035001400078037001300092082001200105245010700117260005100224270006000275300002100335942002600356952012600382 c188381d18838120220519171455.0 aENG-132726 a9789381039830c1575.00 aEN-116258 bDBAD/PUB a667.624 aManufacture of Thinners & Solvents:bProperties, Uses, Production, Formulation with Machinery Details/ aDelhibNIIR Project Consultancy Servicesc2017 bDelhia106-E, Kamla Nagare110007mnpcs.india@gmail.com a218p.c22cm(pbk) 2ddccENh667.624mMAN 001040708NFICaBL1bBL1d2022-05-19eDBAD/PUBg1575.00l0o667.624 MANpEN-116258r2022-05-19 00:00:00t1v1575.00yEN